İstiklâl harbimizde Enver Paşa ve İttihat Terakki erkanı / (Record no. 14515)

MARC details
000 -BAŞLIK
Sabit Uzunlukta Kontrol Alanı 00607nam a22001937a 4500
999 ## - SİSTEM KONTROL NUMARALARI (KOHA)
Koha Biblionumber 14515
Koha Biblioitemnumber 14515
003 - KONTROL NUMARASI IDENTIFIER
Denetim Alanı MIRAKIL
005 - SON İŞLEM TARİHİ VE ZAMANI
Denetim Alanı 20210923124345.0
008 - SABİT-BOY VERİ ELEMANLARI - GENEL BİLGİLER
Sabit Uzunlukta Kontrol Alanı 210923b tu ||||| |||| 00| 0 tur d
040 ## - KATALOGLAMA KAYNAK
Orijinal Kataloglama Ajansı TR-AnCHP
Metne Dönüştürmek Ajansı TR-AnCHP
041 ## - DİL KODU
Metin / Ses Parça Veya Ayrı Başlığın Dil Kodu Tur
082 ## - DEWEY ONLU SINIFLANDIRMA NUMARASI
Sınıflandırma Numarası 956.1024092
Ürün Numarası K26i 1967
100 1# - ANA GİRİŞ - KİŞİSEL İSİM
Kişisel Ad Karabekir, Kazım
Bir Adıyla İlişkilendirilen Tarihler 1882-1948
245 10 - BAŞLIK TABLOSU
Başlık İstiklâl harbimizde Enver Paşa ve İttihat Terakki erkanı /
Sorumluluk Tablosu, Vb Kazım Karabekir.
260 ## - YAYIN, DAĞITIM, VB
Yayın, Dağıtım, Vb Yeri İstanbul :
Yayıncı, Dağıtıcı, Vs Adı Menteş Kitabevi,
Yayın, Dağıtım, Vb Tarihi 1967.
300 ## - FİZİKSEL TANIM
Kapsam 386 s.:
Boyutlar 19 sm.
600 #0 - KONU KATMA GİRİŞ - KURUMSAL ADI
9 (RLIN) 5649
Kişisel Ad Enver Paşa
Bir Adıyla İlişkilendirilen Tarihler 1881-1922
Genel Alt Bölümü yaşamöyküsü
650 #0 - KONU KATMA GİRİŞ - TOPİKAL DÖNEM
9 (RLIN) 908
Topikal Süreli Veya Coğrafi Ad Giriş Elemanı Türkiye
Genel Alt Bölümü Tarih
942 ## - EKLENDİ GİRİŞ ELEMANLARI (KOHA)
Sınıflandırma Veya Raf Düzeni Kaynak Dewey Decimal Classification
Koha Öğesi Türü Books
Holdings
Kalıcı Konum Mevcut Konum Edinme Tarihi Toplam Check-Out'Lar Tam Çağrı Numarası Barkod Tarih Son Görülme İtibaren Geçerli Fiyatlar Sigara Kamu Notu Koha Öğesi Türü
CHP Kütüphanesi CHP Kütüphanesi 09/23/2021   956.1024092 K26i 1967 020009 09/23/2021 09/23/2021 Emin Değer Bağışıdır. Books